Online
Catalog

Baúl de persepciones / (Record no. 35422)

MARC details
000 -CABECERA
campo de control de longitud fija 00464nam a2200157 a 4500
001 - NÚMERO DE CONTROL
campo de control 000035931
005 - FECHA Y HORA DE LA ÚLTIMA TRANSACCIÓN
campo de control 20200930074729.0
008 - DATOS DE LONGITUD FIJA--INFORMACIÓN GENERAL
campo de control de longitud fija 111117s2011 dr 000 0 spa d
020 ## - NÚMERO INTERNACIONAL ESTÁNDAR DEL LIBRO
Número Internacional Estándar del Libro 9789993498056
040 ## - FUENTE DE LA CATALOGACIÓN
Centro catalogador/agencia de origen DO-SdBNP
Lengua de catalogación spa
Centro/agencia transcriptor BNPHU
049 ## - FONDOS LOCALES (OCLC)
Fondos de biblioteca BNPD
100 1# - ENTRADA PRINCIPAL--NOMBRE DE PERSONA
Nombre de persona Gómez Ramírez, José Miguel
9 (RLIN) 61955
245 10 - MENCIÓN DE TÍTULO
Título Baúl de persepciones /
Mención de responsabilidad, etc. José Miguel Gómez Ramírez.
260 ## - PUBLICACIÓN, DISTRIBUCIÓN, ETC.
Lugar de publicación, distribución, etc. Santo Domingo :
Nombre del editor, distribuidor, etc. Impresos Mayobanex,
Fecha de publicación, distribución, etc. 2011.
300 ## - DESCRIPCIÓN FÍSICA
Extensión 357 p. ;
Dimensiones 23 cm.
Holdings
Estado de retiro Estado de pérdida Restricciones de uso No para préstamo Código de colección Localización permanente Ubicación/localización actual Ubicación en estantería Fecha de adquisición Número de inventario Total de préstamos Signatura topográfica completa Código de barras Fecha visto por última vez Precio válido a partir de Tipo de ítem Koha Número de copia
        Patrimonio Dominicano General General En catalogación 17.11.2011 LF1   35931-10 25.06.2020 25.06.2020 Libro y Folleto Colección Patrimonio Dominicano  
      Excluido de préstamo Patrimonio Dominicano Patrimonio Dominicano Patrimonio Dominicano En catalogación 17.11.2011 LF1   35931-20 25.06.2020 25.06.2020 Libro y Folleto Colección Patrimonio Dominicano e. 2
      Excluido de préstamo Patrimonio Dominicano Patrimonio Dominicano Patrimonio Dominicano En catalogación 17.11.2011 LF1   35931-30 25.06.2020 25.06.2020 Libro y Folleto Colección Patrimonio Dominicano  

Powered by Koha